[Event "Regensburg Donau Cup"]
[Site "Regensburg"]
[Date "2017.05.27"]
[Round "5"]
[White "Luetkemeyer, Arnd"]
[Black "Banellis, Lukas"]
[Result "1-0"]
[WhiteElo "1844"]
[BlackElo "1588"]
[PlyCount "69"]
[EventDate "2017.05.24"]
[EventType "swiss"]
[EventRounds "7"]
[EventCountry "GER"]
[SourceTitle "CBM 178 Extra"]
[Source "ChessBase"]
[SourceDate "2017.06.22"]
[SourceVersion "1"]
[SourceVersionDate "2017.06.22"]
[SourceQuality "1"]

1. e4 e5 2. Bc4 Nc6 3. Nf3 Nf6 4. Ng5 Bc5 5. Bxf7+ Ke7 6. Bb3 d6 7. Nc3 Rf8 8. 0-0 Bg4 9. Nd5+ Ke8 10. Nxf6+ gxf6 11. Qxg4 fxg5 12. d4 Nxd4 13. Bxg5 Qc8 14. Qh5+ Kd7 15. Bd5 Qe8 16. Qg4+ Ne6 17. Qh3 Qg6 18. Be3 Bb6 19. Bxb7 Rae8 20. Bxb6 axb6 21. Bd5 Kd8 22. Bxe6 Rxe6 23. Rae1 Ref6 24. Re3 Rf4 25. f3 h5 26. Ra3 Qxe4 27. Qxh5 Qd4+ 28. Kh1 Kd7 29. Rc3 e4 30. Qb5+ Kd8 31. Qc4 Qg7 32. Qc6 Rg4 33. Ra3 Rf7 34. Ra8+ Ke7 35. Re8+ 1-0

[Event "Regensburg Donau Cup"]
[Site "Regensburg"]
[Date "2017.05.26"]
[Round "4"]
[White "Banellis, Lukas"]
[Black "Fuchs, Stefan"]
[Result "0-1"]
[WhiteElo "1588"]
[BlackElo "1913"]
[PlyCount "92"]
[EventDate "2017.05.24"]
[EventType "swiss"]
[EventRounds "7"]
[EventCountry "GER"]
[SourceTitle "CBM 178 Extra"]
[Source "ChessBase"]
[SourceDate "2017.06.22"]
[SourceVersion "1"]
[SourceVersionDate "2017.06.22"]
[SourceQuality "1"]

1. e4 e5 2. Bc4 Nf6 3. d4 exd4 4. Nf3 Nc6 5. 0-0 Nxe4 6. Re1 d5 7. Bxd5 Qxd5 8. Nc3 Qa5 9. Nxe4 Be6 10. Neg5 0-0-0 11. Nxe6 fxe6 12. Rxe6 Bd6 13. Qe2 Qh5 14. h3 Rde8 15. Bd2 Ne5 16. Rxe5 Bxe5 17. g4 Bf6 18. Qf1 Qd5 19. Ne1 h5 20. Qg2 Qxg2+ 21. Nxg2 hxg4 22. hxg4 c5 23. g5 Be5 24. f4 Bd6 25. Kf2 g6 26. Kg3 Kd7 27. Nh4 Rhg8 28. Kg4 Re2 29. Rd1 Ke8 30. Re1 Rxe1 31. Bxe1 Kf7 32. f5 gxf5+ 33. Kxf5 Re8 34. g6+ Kg7 35. Bd2 Re5+ 36. Kg4 Re2 37. Bg5 Bf8 38. Kh5 Re5 39. Nf3 Re2 40. Nh4 Rf2 41. Bh6+ Kg8 42. Bxf8 Kxf8 43. Kh6 Rh2 44. Kg5 Rxc2 45. Kf6 Rf2+ 46. Nf5 Rxf5+ 0-1

[Event "Regensburg Donau Cup"]
[Site "Regensburg"]
[Date "2017.05.26"]
[Round "2"]
[White "Banellis, Lukas"]
[Black "Plank, Michael"]
[Result "1-0"]
[WhiteElo "1588"]
[BlackElo "2030"]
[PlyCount "59"]
[EventDate "2017.05.24"]
[EventType "swiss"]
[EventRounds "7"]
[EventCountry "GER"]
[SourceTitle "CBM 178 Extra"]
[Source "ChessBase"]
[SourceDate "2017.06.22"]
[SourceVersion "1"]
[SourceVersionDate "2017.06.22"]
[SourceQuality "1"]

1. e4 c5 2. Nf3 e6 3. d4 cxd4 4. Nxd4 a6 5. Be3 Qc7 6. Bd3 Nf6 7. Qd2 Be7 8. Nc3 d6 9. 0-0-0 Nbd7 10. f3 b5 11. g4 Ne5 12. h4 Rb8 13. Kb1 Nc4 14. Qe2 b4 15. Bxc4 bxc3 16. b3 0-0 17. h5 d5 18. exd5 Nxd5 19. Bc1 Nf4 20. Qe4 Bg5 21. Nc6 Rb6 22. Ne5 f6 23. Bxf4 Bxf4 24. Qxf4 fxe5 25. Qe3 Rf4 26. Bd3 Bb7 27. h6 g6 28. Bxg6 hxg6 29. h7+ Kh8 30. Qxe5+ 1-0

[Event "Oberpfalz-ch M3"]
[Site "Windischeschenbach"]
[Date "2017.04.08"]
[Round "1"]
[White "Banellis, Lukas"]
[Black "Kindl, Michael"]
[Result "0-1"]
[WhiteElo "1240"]
[BlackElo "1563"]
[PlyCount "112"]
[EventDate "2017.04.08"]
[EventType "swiss"]
[EventRounds "8"]
[EventCountry "GER"]
[SourceTitle "EXT 2020"]
[Source "ChessBase"]
[SourceDate "2019.10.17"]
[SourceVersion "1"]
[SourceVersionDate "2019.10.17"]
[SourceQuality "1"]

1. e4 d6 2. Bc4 Nf6 3. Nc3 e5 4. d4 exd4 5. Qxd4 Nc6 6. Qd1 Be7 7. Be3 0-0 8. Nf3 Ng4 9. Qd2 Na5 10. Bd3 Nxe3 11. Qxe3 Be6 12. h4 Nc4 13. Bxc4 Bxc4 14. Nd5 c6 15. Nxe7+ Qxe7 16. 0-0-0 Rad8 17. g4 Rfe8 18. Nd2 Be6 19. f4 Bxg4 20. Rdg1 h5 21. Re1 f5 22. Qf2 Qf7 23. Kb1 b5 24. e5 dxe5 25. fxe5 Qd5 26. Nb3 Rxe5 27. Rxe5 Qxe5 28. Re1 Rd1+ 29. Rxd1 Bxd1 30. Qxa7 Qe4 31. Nd4 Bxc2+ 32. Nxc2 Qh1+ 33. Ne1 Qxe1+ 34. Kc2 Qe4+ 35. Kd2 f4 36. b3 Qd5+ 37. Ke1 Kh7 38. Qf2 Qd6 39. Qf3 Qe5+ 40. Kd2 c5 41. Qd3+ Kh6 42. Qxb5 Qe3+ 43. Kd1 f3 44. Qf1 f2 45. Qe2 Qd4+ 46. Kc2 Qf4 47. Qf1 Qe3 48. Kd1 Qd4+ 49. Kc2 Qxh4 50. Kd3 Qd4+ 51. Kc2 Qe3 52. Kd1 h4 53. Qe2 Qd4+ 54. Kc2 Qf4 55. Qe6+ Qf6 56. Qe3+ g5 0-1